Riziká jednotlivých penzijných systémov bakalárska práca

Enregistré dans:
Détails bibliographiques
Auteur principal: Bukvaj, Ivan
Collectivité auteur: Národohospodárska fakulta EU. Katedra financií
Autres auteurs: Čambalová, Andrea
Format: Livre
Langue:slovaque
Publié: Bratislava 2011
Tags: Ajouter un tag
Pas de tags, Soyez le premier à ajouter un tag!

MARC

LEADER 00000nbm a2200000 4500
001 0139652
005 20161109111636.7
041 0 |a slo 
044 |a SK 
245 1 0 |a Riziká jednotlivých penzijných systémov  |b bakalárska práca  |c Ivan Bukvaj ; školiteľ: Andrea Čambalová 
264 1 |a Bratislava  |c 2011 
300 |a 35 s. 
100 1 |a Bukvaj, Ivan 
700 1 |a Čambalová, Andrea 
710 2 |a Národohospodárska fakulta EU. Katedra financií